000 00398cam a22001217a 4500
008 180718b2010 xxu||||| |||| 00| 0 eng d
082 _aT19 N163e
100 _aNaqvi, Syed Nawab Haider.
245 _aThe evolution of development policy: a reinterpretation
_cby Syed Nawab Haider Naqvi
260 _aNew York
_bOxford Univ. Press
_c2010
650 _aDevelopment economics
650 _aEconomic policy
999 _c441374
_d441374